1494 1798 1141 1209 1681 1776 1815 1713 1756 1147 1936 1177 1745 1558 1378 1682 1380 1874 1764 1917 1619 1555 1578 1663 1937 1926 1664 1582 1830 1343 1031 1079 1505 1934 1036 1714 1543 1089 1537 1456 1561 1346 1484 1634 1068 1522 1003 1512 1555 1778 1295 1247 1761 1960 1088 1772 1798 1875 1046 1596 1487 1214 1720 1999 1170 1867 1269 1304 1450 1328 1680 1188 1217 1759 1572 1378 1473 1548 1317 1467 1324 1954 1447 1623 1522 1437 1050 1678 1687 1531 1792 1317 1501 1457 1412 1306 1256 1328 1518 BCNSPRNW ULIB Ver.6.0+V

เปลี่ยนเป็นภาษาไทย

Change to English
 แสดงรายละเอียดบรรณานุกรม
  กลับหน้าหลัก

Brief Record : Get Marc (ISO 2709) : E-mail record : QR code < ปิดหน้าต่าง
LEADER : 00000nam 2200000uu 4500
001    13399127723
003     ULIB
008    210422s2563||||th 000 0 tha d
020    ^a9786160039111
050  0 ^aนว^bห515พ
100 0  ^aหัสวีร์
245 10 ^aพันเพลงพิณ /^cหัสวีร์
250    ^aพิมพ์ครั้งที่ 1
260    ^aกรุงเทพฯ :^bพิมพ์คำ,^c2563
300    ^a388 หน้า ;^c21 ซม.
650  4 ^aนวนิยายไทย
945    ^p270^l0^i28882
999    ^aกัณชพร จุลอักษร
รายการนี้ยังไม่มีแท็ก
คุณยังไม่ได้ล็อกอิน คุณสามารถมีกิจกรรมร่วมกับเว็บไซต์ได้ แต่ต้องล็อกอินก่อน ::
  ล็อกอิน

รายการสื่อสารสนเทศ

ลำดับที่ ประเภท เลขเรียก/บาร์โค้ด สถานที่ สถานะ
1. วิทยาศาสตร์การแพทย์ และสุขภาพ
วิทยาศาสตร์การแพทย์ และสุขภาพ
นว ห515พ ฉ.1 
  Barcode: 28882
ห้องสมุดวิทยาเขตนครสวรรค์
►นวนิยาย:l:Fiction
บนชั้น

รายการใกล้เคียง
    ผู้แต่ง [หัสวีร์]

    หัวเรื่อง [นวนิยายไทย]

BibComment


ยังไม่เคยถูกคอมเมนท์

คอมเมนท์ทรัพยากรรายการนี้
  คอมเมนท์: พันเพลงพิณ หัสว..


 Copyright 2026. Bcnsprnw @Library